Ekonomika výroby sóje.
Ekonomické hodnotenie výroby sóje v ČSFR v r. 1989-1990. Požiadavky sóje na stanovište. Metodika hodnotenia a popis súboru. Intenzita výroby sóje a nákladovosť výroby. Štruktúra nákladov na 1 ha. Relatívne priaznivý vývin rentability produkcie sóje.
Gespeichert in:
| 1. Verfasser: | |
|---|---|
| Format: | Buchkapitel |
| Sprache: | Tschechisch |
| Schlagworte: | |
| Tags: |
Keine Tags, Fügen Sie das erste Tag hinzu!
|
MARC
| LEADER | 00000naa a2200000 4500 | ||
|---|---|---|---|
| 001 | r009253 | ||
| 005 | 20220831091059.3 | ||
| 041 | 0 | |a cze | |
| 044 | |a [CS] | ||
| 245 | 1 | 0 | |a Ekonomika výroby sóje. |c Eva Rosochatecká |
| 520 | |a Ekonomické hodnotenie výroby sóje v ČSFR v r. 1989-1990. Požiadavky sóje na stanovište. Metodika hodnotenia a popis súboru. Intenzita výroby sóje a nákladovosť výroby. Štruktúra nákladov na 1 ha. Relatívne priaznivý vývin rentability produkcie sóje. | ||
| 610 | 2 | 0 | |a výroba rastlinná |
| 610 | 2 | 0 | |a ČSFR |
| 610 | 2 | 0 | |a 1989-1990 |
| 610 | 2 | 0 | |a potraviny |
| 610 | 2 | 0 | |a intenzita výroby |
| 610 | 2 | 0 | |a náklady výrobné |
| 100 | 1 | |a Rosochatecká, Eva | |